Pracovná spokojnosť ako determinant kvality života
Vymedzenie pojmu pracovná spokojnosť a uvedenie vybraných aspektov pracovnej spokojnosti v kontexte celkovej kvality života. Ukazovatele kvality života. Korelácie pracovnej spokojnosti.
Gespeichert in:
| 1. Verfasser: | |
|---|---|
| Format: | Buchkapitel |
| Sprache: | Slowakisch |
| Schlagworte: | |
| Tags: |
Keine Tags, Fügen Sie das erste Tag hinzu!
|
MARC
| LEADER | 00000nla$a2200000$$$4500 | ||
|---|---|---|---|
| 001 | 0143165 | ||
| 005 | 20240502072551.5 | ||
| 041 | 0 | |a slo | |
| 044 | |a SK | ||
| 245 | 1 | 0 | |a Pracovná spokojnosť ako determinant kvality života |c Cecília Olexová |
| 520 | |a Vymedzenie pojmu pracovná spokojnosť a uvedenie vybraných aspektov pracovnej spokojnosti v kontexte celkovej kvality života. Ukazovatele kvality života. Korelácie pracovnej spokojnosti. | ||
| 610 | 2 | 0 | |a spokojnosť v práci |
| 610 | 2 | 0 | |a kvalita života |
| 100 | 1 | |a Olexová, Cecília, 1976- | |